| 000 | 00818nam a2200205Ii 4500 | ||
|---|---|---|---|
| 003 | JO-AjNU | ||
| 008 | 230605s9999||||xx |||||||||||||| ||und|| | ||
| 017 | _a1983/5179 | ||
| 040 |
_aJO-AjNU _bara _erda _cJO-AjNU |
||
| 041 | _aara | ||
| 050 | 1 | 4 | _aLB17.M32 1984 |
| 100 | 3 |
_aمطاوع،إبراهيم حكمت/سلطان،محمود السيد م.مشارك/طمان،الحسانين إسماعيل م.مشارك/شعبان،عبد العظيم , _eauthor _97550 |
|
| 245 | 0 | 0 | _aالمدخل للعلوم التربوية |
| 264 | 3 | 1 | _aالإسكندرية:مكتبة المعارف،1984 |
| 300 | _a164ص | ||
| 336 |
_atext _btxt _2rdacontent |
||
| 337 |
_aunmediated _bn _2rdamedia |
||
| 338 |
_avolume _bnc _2rdacarrier |
||
| 650 | 4 |
_aمعلمون-تدريب-مصر. التربية و التعليم-مصر. _97551 |
|
| 999 |
_aA336 _c3904 _d3904 |
||